Recuento historico de la disminución de humedales y la desaparición de aves acuaticas en el valle geográfico del rio Cauca, Colombia (Registro nro. 11716)

Detalles MARC
000 -CABECERA
Campo de control 006330000a22001810004500
090 ## - CLASIFICACIÓN LOCAL
Colección AR
Consecutivo 02654
041 0# - IDIOMA
Código de idioma para texto/pista de sonido o título separado
100 1# - ASIENTO PRINCIPAL--NOMBRE PERSONAL
Nombre personal Restrepo, Carla
245 10 - MENCION DE TITULO
Título Recuento historico de la disminución de humedales y la desaparición de aves acuaticas en el valle geográfico del rio Cauca, Colombia
650 14 - ASIENTO SECUNDARIO DE MATERIA - TERMINO TEMATICO
Término temático o nombre geográfico como elemento de entrada Humedales
650 14 - ASIENTO SECUNDARIO DE MATERIA - TERMINO TEMATICO
Término temático o nombre geográfico como elemento de entrada Aves acuáticas
650 14 - ASIENTO SECUNDARIO DE MATERIA - TERMINO TEMATICO
Término temático o nombre geográfico como elemento de entrada Ecología
650 14 - ASIENTO SECUNDARIO DE MATERIA - TERMINO TEMATICO
Término temático o nombre geográfico como elemento de entrada Conservación
651 #4 - ASIENTO SECUNDARIO DE MATERIA - NOMBRE GEOGRAFICO
-- Río Cauca
-- Valle del Cauca
-- Colombia
700 1# - ASIENTO SECUNDARIO - NOMBRE PERSONAL
Nombre personal Naranjo Henao, Luis Germán
773 1# - Item fuente:
Título Ornitología Neotropical
Especificación de materiales 62
Paginas del Articulo 43-45
Lugar, editorial y fecha de publicación 1987
942 ## - ELEMENTOS ADICIONALES (KOHA)
Tipo de ítem Artículo
Existencias
Withdrawn status Lost status Damaged status No para préstamo Colección Ubicación Permanente Ubicación actual Fecha de adquisición Fuente de Valor Datos de publicación Seriada Total Checkouts Número topográfico Inventario / Código de Barras Date last seen Ejemplar Price effective from Forma de adquisición Tipo de material
      No para Préstamo Hemeroteca Bogotá Bogotá 27/02/2015 Matallana, Clara Fuera de circulación   AR 02654 013067 25/03/2015 1 25/03/2015   Artículo